[Event "DEM U10w 2022"]
[Site "Willingen GER"]
[Date "2022.06.11"]
[Round "11"]
[White "Jiang, Lucia"]
[Black "Malagatte, Samiksha"]
[Result "1-0"]
[Termination "normal"]
[Board "11"]
[WhiteElo "919"]
[BlackElo "1056"]
[WhiteClock "00:52:13"]
[BlackClock "00:52:39"]
[PlyCount "69"]
[BlackFideId "34633790"]
[EventCountry "GER"]
[EventRounds "11"]
[EventType "swiss"]
[EventDate "2022.06.04"]

1. e4 {[%clk 01:15:59]} e5 {[%clk 01:16:22]} {[%emt 00:00:09]} 2. Nf3 {[%clk
01:16:24]} {[%emt 00:00:04]} Nc6 {[%clk 01:16:47]} {[%emt 00:00:06]} 3. Bc4
{[%clk 01:16:48]} {[%emt 00:00:06]} Nf6 {[%clk 01:17:09]} {[%emt 00:00:07]} 4.
d3 {[%clk 01:17:13]} {[%emt 00:00:05]} Be7 {[%clk 01:17:34]} {[%emt 00:00:05]}
5. c3 {[%clk 01:17:23]} {[%emt 00:00:21]} d6 {[%clk 01:17:00]} {[%emt
00:01:04]} 6. O-O {[%emt 00:01:01]} O-O {[%emt 00:00:08]} 7. Nbd2 {[%clk
01:15:41]} {[%emt 00:01:03]} Na5 {[%clk 01:17:18]} {[%emt 00:00:09]} 8. Bb3
{[%clk 01:15:00]} {[%emt 00:01:13]} Nxb3 {[%clk 01:17:40]} {[%emt 00:00:08]} 9.
Qxb3 {[%clk 01:14:40]} {[%emt 00:00:50]} d5 {[%clk 01:17:12]} {[%emt 00:00:59]}
10. h3 {[%clk 01:13:28]} {[%emt 00:01:42]} dxe4 {[%clk 01:16:31]} {[%emt
00:01:08]} 11. dxe4 {[%clk 01:13:09]} {[%emt 00:00:50]} Bd6 {[%clk 01:16:28]}
{[%emt 00:00:34]} 12. Re1 {[%clk 01:12:32]} {[%emt 00:01:08]} b6 {[%clk
01:16:02]} {[%emt 00:00:56]} 13. Nc4 {[%clk 01:10:23]} {[%emt 00:02:37]} Be6
{[%clk 01:14:57]} {[%emt 00:01:33]} 14. Qb5 {[%clk 01:06:51]} {[%emt 00:04:03]}
a6 {[%clk 01:14:09]} {[%emt 00:01:17]} 15. Qc6 {[%clk 01:04:18]} {[%emt
00:03:06]} Bd7 {[%clk 01:13:45]} {[%emt 00:00:52]} 16. Qb7 {[%clk 01:03:56]}
{[%emt 00:00:49]} Qe7 {[%clk 01:10:30]} {[%emt 00:03:45]} 17. Bg5 {[%clk
00:59:43]} {[%emt 00:04:16]} h6 {[%clk 01:10:07]} {[%emt 00:01:24]} 18. Bxf6
{[%clk 00:58:38]} {[%emt 00:01:36]} gxf6 {[%clk 01:10:19]} {[%emt 00:00:17]}
19. Qd5 {[%clk 00:58:27]} {[%emt 00:00:37]} Be6 {[%clk 01:09:52]} {[%emt
00:01:00]} 20. Qd3 {[%clk 00:58:37]} {[%emt 00:00:11]} Rad8 {[%clk 01:07:51]}
{[%emt 00:02:42]} 21. Ne3 {[%clk 00:55:55]} {[%emt 00:03:11]} Bc5 {[%emt
00:04:20]} 22. Qxa6 {[%clk 00:54:21]} {[%emt 00:00:17]} Ra8 {[%clk 01:04:59]}
{[%emt 00:01:17]} 23. Qe2 {[%clk 00:53:15]} {[%emt 00:01:37]} Bxa2 {[%clk
01:03:00]} {[%emt 00:02:29]} 24. b4 {[%clk 00:51:55]} {[%emt 00:01:53]} Bd6
{[%emt 00:01:51]} 25. Rxa2 {[%emt 00:01:38]} Rxa2 {[%clk 00:58:17]} {[%emt
00:01:43]} 26. Qxa2 {[%clk 00:52:12]} {[%emt 00:00:13]} Qe6 {[%clk 00:58:11]}
{[%emt 00:00:32]} 27. Qxe6 {[%clk 00:52:12]} {[%emt 00:00:34]} fxe6 {[%clk
00:58:18]} {[%emt 00:00:20]} 28. Nc4 {[%clk 00:52:14]} {[%emt 00:00:29]} Be7
{[%clk 00:58:05]} {[%emt 00:00:44]} 29. Rd1 {[%clk 00:52:31]} {[%emt 00:00:12]}
Ra8 {[%clk 00:57:22]} {[%emt 00:01:03]} 30. Rd7 {[%clk 00:51:54]} {[%emt
00:01:19]} Bd8 {[%clk 00:57:31]} {[%emt 00:00:17]} 31. Nh4 {[%clk 00:51:43]}
{[%emt 00:00:42]} b5 {[%clk 00:55:16]} {[%emt 00:02:47]} 32. Ne3 {[%clk
00:51:58]} {[%emt 00:00:16]} c6 {[%clk 00:53:33]} {[%emt 00:02:13]} 33. Ng6
{[%clk 00:51:50]} {[%emt 00:00:34]} h5 {[%clk 00:52:34]} {[%emt 00:01:32]} 34.
g4 {[%clk 00:51:51]} {[%emt 00:00:31]} hxg4 {[%clk 00:52:39]} {[%emt 00:00:23]}
35. Nxg4 {[%clk 00:52:13]} {[%emt 00:00:09]} 1-0

[Event "DEM U10w 2022"]
[Site "Willingen GER"]
[Date "2022.06.11"]
[Round "11"]
[White "Frydel, Helena"]
[Black "Marrufo, Adriana"]
[Result "1/2-1/2"]
[Termination "normal"]
[Board "12"]
[WhiteElo "1141"]
[BlackElo "927"]
[WhiteClock "01:09:43"]
[BlackClock "01:02:29"]
[PlyCount "117"]
[WhiteFideId "16266536"]
[BlackFideId "34630252"]
[EventCountry "GER"]
[EventRounds "11"]
[EventType "swiss"]
[EventDate "2022.06.04"]

1. e4 {[%clk 01:15:59]} e5 {[%clk 01:15:48]} {[%emt 00:00:13]} 2. Nf3 {[%clk
01:16:25]} {[%emt 00:00:04]} Nc6 {[%clk 01:16:09]} {[%emt 00:00:08]} 3. Nc3
{[%clk 01:16:39]} {[%emt 00:00:17]} Nf6 {[%clk 01:16:22]} {[%emt 00:00:16]} 4.
d4 {[%clk 01:17:05]} {[%emt 00:00:05]} Bb4 {[%clk 01:16:32]} {[%emt 00:00:20]}
5. Bg5 {[%clk 01:15:50]} {[%emt 00:01:44]} d6 {[%clk 01:13:12]} {[%emt
00:03:50]} 6. dxe5 {[%clk 01:15:02]} {[%emt 00:01:18]} dxe5 {[%clk 01:13:20]}
{[%emt 00:00:22]} 7. Qxd8+ {[%clk 01:15:15]} {[%emt 00:00:17]} Nxd8 {[%clk
01:13:11]} {[%emt 00:00:39]} 8. a3 {[%clk 01:13:58]} {[%emt 00:01:48]} Bxc3+
{[%clk 01:12:49]} {[%emt 00:00:51]} 9. bxc3 {[%clk 01:14:19]} {[%emt 00:00:09]}
Nc6 {[%clk 01:12:30]} {[%emt 00:00:48]} 10. Bxf6 {[%clk 01:14:14]} {[%emt
00:00:36]} gxf6 {[%clk 01:12:33]} {[%emt 00:00:28]} 11. Bb5 {[%clk 01:12:33]}
{[%emt 00:02:11]} Bd7 {[%clk 01:12:32]} {[%emt 00:00:30]} 12. O-O-O {[%clk
01:12:08]} {[%emt 00:00:55]} O-O-O {[%clk 01:12:00]} {[%emt 00:01:02]} 13. Rd2
{[%clk 01:10:46]} {[%emt 00:01:48]} Nb8 {[%clk 01:11:09]} {[%emt 00:01:25]} 14.
Bxd7+ {[%clk 01:10:28]} {[%emt 00:00:48]} Nxd7 {[%clk 01:10:45]} {[%emt
00:00:54]} 15. Rhd1 {[%clk 01:10:41]} {[%emt 00:00:17]} Rhg8 {[%clk 01:08:58]}
{[%emt 00:02:16]} 16. g3 {[%clk 01:10:38]} {[%emt 00:00:33]} Nc5 {[%clk
01:08:38]} {[%emt 00:00:50]} 17. Rxd8+ {[%clk 01:05:24]} {[%emt 00:05:45]} Rxd8
{[%clk 01:08:41]} {[%emt 00:00:27]} 18. Rxd8+ {[%clk 01:05:45]} {[%emt
00:00:09]} Kxd8 {[%clk 01:08:58]} {[%emt 00:00:13]} 19. Nd2 {[%clk 01:05:45]}
{[%emt 00:00:28]} Na4 {[%clk 01:09:06]} {[%emt 00:00:24]} 20. Nb1 {[%clk
01:05:25]} {[%emt 00:00:50]} Nb6 {[%clk 01:08:07]} {[%emt 00:01:29]} 21. Kd2
{[%clk 01:03:55]} {[%emt 00:02:00]} Nc8 {[%clk 01:00:39]} {[%emt 00:07:58]} 22.
Kd3 {[%clk 01:04:00]} {[%emt 00:00:26]} Ne7 {[%clk 01:00:21]} {[%emt 00:01:19]}
23. Nd2 {[%clk 01:04:16]} {[%emt 00:00:42]} Ng8 {[%clk 01:00:13]} {[%emt
00:00:38]} 24. Nf3 {[%clk 01:04:22]} {[%emt 00:00:25]} Nh6 {[%clk 01:00:24]}
{[%emt 00:00:19]} 25. h3 {[%clk 01:04:18]} {[%emt 00:00:34]} f5 {[%clk
01:00:28]} {[%emt 00:00:26]} 26. Nxe5 {[%clk 01:04:31]} {[%emt 00:00:16]} fxe4+
{[%clk 01:00:26]} {[%emt 00:00:31]} 27. Kxe4 {[%clk 01:04:53]} {[%emt
00:00:09]} a5 {[%clk 01:00:36]} {[%emt 00:00:20]} 28. g4 {[%clk 01:04:36]}
{[%emt 00:00:46]} c5 {[%clk 01:01:02]} {[%emt 00:00:05]} 29. g5 {[%clk
01:04:30]} {[%emt 00:00:36]} Ng8 {[%clk 01:01:06]} {[%emt 00:00:26]} 30. Nxf7+
{[%clk 01:04:54]} {[%emt 00:00:06]} Ke7 {[%clk 01:01:19]} {[%emt 00:00:17]} 31.
Ne5 {[%clk 01:05:12]} {[%emt 00:00:13]} b5 {[%clk 01:01:44]} {[%emt 00:00:05]}
32. c4 {[%clk 01:04:01]} {[%emt 00:01:40]} b4 {[%clk 01:02:07]} {[%emt
00:00:07]} 33. axb4 {[%clk 01:04:26]} {[%emt 00:00:05]} a4 {[%clk 01:02:12]}
{[%emt 00:00:25]} 34. Kd3 {[%clk 01:04:47]} {[%emt 00:00:09]} a3 {[%clk
01:02:39]} {[%emt 00:00:03]} 35. Kc3 {[%clk 01:04:58]} {[%emt 00:00:19]} cxb4+
{[%clk 01:03:02]} {[%emt 00:00:07]} 36. Kb3 {[%clk 01:05:04]} {[%emt 00:00:24]}
Ke6 {[%clk 01:02:24]} {[%emt 00:01:08]} 37. Nd3 {[%clk 01:05:03]} {[%emt
00:00:31]} Ne7 {[%clk 01:02:34]} {[%emt 00:00:20]} 38. Nxb4 {[%clk 01:05:27]}
{[%emt 00:00:06]} Ng6 {[%clk 01:02:36]} {[%emt 00:00:28]} 39. Kxa3 {[%clk
01:05:50]} {[%emt 00:00:07]} Nf4 {[%clk 01:02:59]} {[%emt 00:00:07]} 40. Ka4
{[%clk 01:05:15]} {[%emt 00:01:06]} Kf5 {[%clk 01:03:13]} {[%emt 00:00:16]} 41.
Kb5 {[%clk 01:05:32]} {[%emt 00:00:12]} Ne6 {[%clk 01:03:30]} {[%emt 00:00:12]}
42. Kb6 {[%clk 01:05:48]} {[%emt 00:00:15]} Ke5 {[%clk 01:02:35]} {[%emt
00:01:24]} 43. c5 {[%clk 01:05:35]} {[%emt 00:00:45]} h5 {[%clk 01:00:17]}
{[%emt 00:02:46]} 44. c6 {[%clk 01:04:59]} {[%emt 00:01:07]} Kd6 {[%clk
00:59:53]} {[%emt 00:00:53]} 45. Na6 {[%clk 01:05:23]} {[%emt 00:00:07]} Ke7
{[%clk 00:59:22]} {[%emt 00:01:01]} 46. c7 {[%clk 01:05:42]} {[%emt 00:00:11]}
Kd7 {[%clk 00:59:38]} {[%emt 00:00:13]} 47. Kb7 {[%clk 01:06:05]} {[%emt
00:00:08]} h4 {[%clk 00:59:55]} {[%emt 00:00:13]} 48. c8=Q {[%clk 01:06:21]}
{[%emt 00:00:13]} Ke7 {[%clk 01:00:14]} {[%emt 00:00:11]} 49. Nc7 {[%clk
01:06:30]} {[%emt 00:00:22]} Ng7 {[%clk 01:00:28]} {[%emt 00:00:15]} 50. Nd5
{[%clk 01:06:40]} {[%emt 00:00:22]} Kd6 {[%clk 01:00:43]} {[%emt 00:00:13]} 51.
Qf8+ {[%clk 01:06:50]} {[%emt 00:00:21]} Kxd5 {[%clk 01:00:59]} {[%emt
00:00:14]} 52. Qxg7 {[%clk 01:07:12]} {[%emt 00:00:08]} Kd6 {[%clk 01:01:22]}
{[%emt 00:00:07]} 53. Qf7 {[%clk 01:07:29]} {[%emt 00:00:14]} Ke5 {[%clk
01:01:40]} {[%emt 00:00:12]} 54. Qf3 {[%clk 01:07:52]} {[%emt 00:00:07]} Ke6
{[%clk 01:01:58]} {[%emt 00:00:10]} 55. Qf4 {[%clk 01:08:17]} {[%emt 00:00:06]}
Kd5 {[%clk 01:02:13]} {[%emt 00:00:16]} 56. Qe3 {[%clk 01:08:40]} {[%emt
00:00:06]} Kc4 {[%clk 01:02:21]} {[%emt 00:00:21]} 57. Qe5 {[%clk 01:08:58]}
{[%emt 00:00:13]} Kb4 {[%clk 01:02:18]} {[%emt 00:00:33]} 58. Qd5 {[%clk
01:09:18]} {[%emt 00:00:10]} Ka4 {[%clk 01:02:29]} {[%emt 00:00:19]} 59. Qc5
{[%clk 01:09:43]} {[%emt 00:00:05]} 1/2-1/2

[Event "DEM U10w 2022"]
[Site "Willingen GER"]
[Date "2022.06.11"]
[Round "11"]
[White "Lola, Georgia-Maria"]
[Black "Berger, Jennifer"]
[Result "0-1"]
[Termination "normal"]
[Board "13"]
[WhiteElo "1016"]
[BlackElo "1046"]
[PlyCount "42"]
[WhiteFideId "34629335"]
[BlackFideId "34630074"]
[EventCountry "GER"]
[EventRounds "11"]
[EventType "swiss"]
[EventDate "2022.06.04"]

1. e4 Nc6 2. Nf3 d5 3. exd5 Qxd5 4. Nc3 Qh5 5. Bb5 Bg4 6. Bxc6+ bxc6 7. d3 Nf6
8. Bf4 e5 9. Bg3 O-O-O 10. h3 e4 11. Qd2 exf3 12. Qf4 Bd6 13. Qa4 Bxg3 14. fxg3
fxg2 15. Qa6+ Kb8 16. Rg1 Qxh3 17. Qxc6 Qxg3+ 18. Kd2 Qf2+ 19. Ne2 Qxe2+ 20.
Kc1 Qe3+ 21. Kb1 Qxg1# 0-1

[Event "DEM U10w 2022"]
[Site "Willingen GER"]
[Date "2022.06.11"]
[Round "11"]
[White "Beimler, Annemarie"]
[Black "Burchardi, Helena"]
[Result "0-1"]
[Termination "normal"]
[Board "14"]
[WhiteElo "954"]
[BlackElo "802"]
[PlyCount "104"]
[BlackFideId "34636374"]
[EventCountry "GER"]
[EventRounds "11"]
[EventType "swiss"]
[EventDate "2022.06.04"]

1. e4 e5 2. Nf3 Nc6 3. Bc4 Bc5 4. Nc3 Nf6 5. d3 O-O 6. O-O d6 7. h3 Re8 8. Be3
Bxe3 9. fxe3 Be6 10. Bb3 Qe7 11. Ng5 Bxb3 12. axb3 h6 13. Nf3 Nh5 14. Nd5 Qd7
15. d4 exd4 16. exd4 Rxe4 17. Nd2 Rh4 18. Qe1 Rxd4 19. c4 Re8 20. Qf2 Rf8 21.
Rxa7 Rxd2 22. Qxd2 Nxa7 23. Qa5 Nc6 24. Qxc7 Qxc7 25. Nxc7 Rc8 26. Nd5 Re8 27.
Nc7 Re2 28. Rf2 Rxf2 29. Kxf2 Kf8 30. Ke3 Ke7 31. Kd3 Nf4+ 32. Kc3 Nxg2 33.
Nd5+ Ke6 34. Nc7+ Ke5 35. b4 f5 36. b5 Nd4 37. b6 f4 38. Kb4 f3 39. c5 dxc5+
40. Kxc5 f2 41. Ne8 f1=Q 42. Nd6 Qc1+ 43. Nc4+ Ke4 44. b4 Ne3 45. Kd6 Qxc4 46.
b5 Qxb5 47. h4 Qc6+ 48. Ke7 Nef5+ 49. Kf8 Qf6+ 50. Ke8 Ke5 51. Kd7 Qc6+ 52. Kd8
Ne6# 0-1

[Event "DEM U10w 2022"]
[Site "Willingen GER"]
[Date "2022.06.11"]
[Round "11"]
[White "Klymenko, Mariia"]
[Black "Krannich, Eva"]
[Result "0-1"]
[Termination "normal"]
[Board "15"]
[WhiteElo "871"]
[BlackElo "845"]
[PlyCount "50"]
[WhiteFideId "34620621"]
[BlackFideId "34639713"]
[EventCountry "GER"]
[EventRounds "11"]
[EventType "swiss"]
[EventDate "2022.06.04"]

1. e4 e6 2. d4 d5 3. exd5 exd5 4. Nc3 Be6 5. Nf3 Bd6 6. Bd3 Nc6 7. O-O Nge7 8.
Re1 Qd7 9. Ne5 Nxe5 10. dxe5 Bc5 11. Be3 Bxe3 12. fxe3 O-O-O 13. Qf3 h5 14. a4
Rdg8 15. b4 g5 16. a5 g4 17. Qf4 h4 18. b5 g3 19. h3 Bxh3 20. gxh3 Qxh3 21.
Qxf7 Qh2+ 22. Kf1 Rf8 23. Bf5+ Nxf5 24. Qe6+ Kb8 25. Ne4 Nxe3# 0-1

[Event "DEM U10w 2022"]
[Site "Willingen GER"]
[Date "2022.06.11"]
[Round "11"]
[White "Kühn, Nicole"]
[Black "Nguyen, Minh Anh"]
[Result "1-0"]
[Termination "normal"]
[Board "16"]
[WhiteElo "870"]
[BlackElo "774"]
[PlyCount "79"]
[WhiteFideId "34610510"]
[EventCountry "GER"]
[EventRounds "11"]
[EventType "swiss"]
[EventDate "2022.06.04"]

1. e4 c5 2. c3 d6 3. d4 cxd4 4. cxd4 Bd7 5. Nc3 Nf6 6. Nf3 Nc6 7. d5 Nb8 8. Bd3
g6 9. h3 Bg7 10. Be3 O-O 11. Qd2 Re8 12. Bh6 Bh8 13. O-O e5 14. Qg5 Nh5 15. Qe3
Qb6 16. Rab1 Qxe3 17. fxe3 Bg7 18. Bxg7 Kxg7 19. Ng5 f6 20. Nb5 Bxb5 21. Bxb5
Rc8 22. Ne6+ Kf7 23. Rbc1 Rxc1 24. Rxc1 a6 25. Rc7+ Kg8 26. Rc8+ Kf7 27. Rf8+
Ke7 28. Be8 Nd7 29. Rh8 Rc8 30. Rxh7+ Kxe8 31. Rh8+ Kf7 32. Rxc8 Ng3 33. Rc7
Ke8 34. Rxb7 Nxe4 35. Ng7+ Kd8 36. Ne6+ Ke8 37. Nc7+ Ke7 38. Nxa6 Ke8 39. Nb8
Nec5 40. Rb5 1-0

[Event "DEM U10w 2022"]
[Site "Willingen GER"]
[Date "2022.06.11"]
[Round "11"]
[White "Albrecht, Sidney Jenna"]
[Black "Subocz, Barbara"]
[Result "0-1"]
[Termination "normal"]
[Board "17"]
[WhiteElo "814"]
[BlackElo "902"]
[PlyCount "44"]
[WhiteFideId "34660283"]
[BlackFideId "41805658"]
[EventCountry "GER"]
[EventRounds "11"]
[EventType "swiss"]
[EventDate "2022.06.04"]

1. e4 e5 2. Nf3 Nc6 3. Bc4 Nf6 4. d4 exd4 5. e5 Ne4 6. O-O Bb4 7. a3 Bc5 8. Re1
d5 9. Bb5 Bd7 10. Bxc6 Bxc6 11. Nxd4 O-O 12. e6 Bxd4 13. exf7+ Rxf7 14. Qxd4
Nxf2 15. Be3 Ne4 16. a4 Qh4 17. Na3 a5 18. g3 Qh3 19. c4 Nf6 20. Rf1 Raf8 21.
cxd5 Bxd5 22. Rxf6 Qg2# 0-1

[Event "DEM U10w 2022"]
[Site "Willingen GER"]
[Date "2022.06.11"]
[Round "11"]
[White "Reetz, Shaila"]
[Black "Döscher, Nayla"]
[Result "0-1"]
[Termination "normal"]
[Board "18"]
[WhiteElo "1112"]
[BlackElo "908"]
[PlyCount "62"]
[WhiteFideId "34630317"]
[BlackFideId "34625046"]
[EventCountry "GER"]
[EventRounds "11"]
[EventType "swiss"]
[EventDate "2022.06.04"]

1. e4 e5 2. Bc4 Nc6 3. Nf3 h6 4. d3 d6 5. h3 Nf6 6. O-O Be7 7. Nc3 Be6 8. Bb3
O-O 9. Be3 Nh7 10. Qe2 Bh4 11. Nxh4 Qxh4 12. Qf3 Qf6 13. Qh5 Qg6 14. Qf3 Ng5
15. Qg3 f5 16. Bxe6+ Qxe6 17. Bxg5 hxg5 18. Qxg5 fxe4 19. dxe4 Nd4 20. Qd2 Qh6
21. Kh1 Qh5 22. Qe3 Nxc2 23. Qg3 Nxa1 24. Nd5 Nc2 25. Nxc7 Rac8 26. Ne6 Rf7 27.
f4 Nd4 28. f5 Nxe6 29. Qd3 Nf4 30. Qxd6 Qg5 31. Qxe5 Qxg2# 0-1

[Event "DEM U10w 2022"]
[Site "Willingen GER"]
[Date "2022.06.11"]
[Round "11"]
[White "Rutschmann, Polly"]
[Black "Stiehler, Ellen"]
[Result "1-0"]
[Termination "normal"]
[Board "19"]
[WhiteElo "903"]
[BlackElo "918"]
[PlyCount "73"]
[WhiteFideId "34621261"]
[BlackFideId "34663908"]
[EventCountry "GER"]
[EventRounds "11"]
[EventType "swiss"]
[EventDate "2022.06.04"]

1. d4 d5 2. Nf3 Nc6 3. Bf4 Nf6 4. e3 Bg4 5. Be2 e6 6. c3 Qd7 7. Nbd2 O-O-O 8.
Ne5 Nxe5 9. Bxe5 Bxe2 10. Qxe2 Bd6 11. O-O Bxe5 12. dxe5 Ne4 13. Nxe4 dxe4 14.
Rab1 f5 15. a4 Qd5 16. f4 a6 17. b4 a5 18. bxa5 Qxa5 19. Qb2 Qa7 20. Qe2 Rd7
21. Rfd1 Rhd8 22. Rxd7 Rxd7 23. Kf2 Kd8 24. Qh5 h6 25. Qg6 Re7 26. Rd1+ Kc8 27.
Qh7 b6 28. Qh8+ Kb7 29. Qd8 Rf7 30. Qe8 Qxa4 31. Qxa4 Rf8 32. c4 Ra8 33. Qb5
Ra5 34. Qb4 Ra2+ 35. Kg3 Ra5 36. Rc1 c5 37. Qb3 1-0